Statistics for Artists That Have Worked with Kendrick Lamar

Click here to take the quiz!

General Stats

  • This quiz has been taken 29 times
  • The average score is 16 of 63

Answer Stats

Artist% Correct
Kanye West
75%
Baby Keem
71%
Drake
71%
Jay-Z
67%
J. Cole
63%
Rihanna
63%
Dr Dre
58%
Snoop Dogg
58%
SZA
58%
Eminem
54%
Future
50%
Zacari
50%
Ab-Soul
42%
Kodak Black
42%
SchoolBoy Q
42%
Taylor Swift
42%
Lil Wayne
38%
Sampha
38%
The Weeknd
33%
Anna Wise
29%
Beyonce
29%
Thundercat
29%
Big Sean
25%
James Blake
25%
Maroon 5
25%
Pharrell Williams
25%
Tanna Leone
25%
Blxst
21%
Ghostface Killah
21%
Summer Walker
21%
2 Chainz
17%
50 Cent
17%
Alicia Keys
17%
Beth Gibbons
17%
Danny Brown
17%
Pusha T
17%
Sia
17%
Adam Levine
13%
Amanda Reifer
13%
B.o.B.
13%
Busta Rhymes
13%
Rich the Kid
13%
Sam Dew
13%
The Game
13%
T.I.
13%
Earl Sweatshirt
8%
Imagine Dragons
8%
Nipsey Hussle
8%
Rick Ross
8%
Royce Da 5'9
8%
The Lonely Island
8%
Anderson.Paak
4%
Dido
4%
Flying Lotus
4%
Jidenna
4%
Kendall Morgan
4%
MAYDAY
4%
Miguel
4%
Robin Thicke
4%
Tech N9ne
4%
Jasmine V
0%
Jay Roach
0%
Mayer Hawthorne
0%

Score Distribution

Percentile by Number Answered

Percent of People with Each Score

Your Score History

You have not taken this quiz